=LDR 00000nam 2200000 4500 =001 INLIS000000000031880 =005 20130612133925 =008 ***********************************Ind** =035 ##$$0010-061300000031880 =041 ##$$a Ind =082 ##$$a 332.6 =090 ##$$a 332.6, Sut m =100 ##$$a Suta, I Putu Gede Ary =245 ##$$a Menuju pasar modal modern, I Putu Gede Ary Suta =260 ##$$a 2000 $b Jakarta =300 ##$$a xviii, 474 hlm, ilus, 22 cm =650 ##$$a Ekonomi - Manajemen =850 ##$$a NBPNMAT =990 ##$$a 72867286 =990 ##$$a 00056226